000 00641nam a2200217Ii 4500
003 JO-AjNU
008 230605s9999||||xx |||||||||||||| ||und||
017 _a2007/7/2171
040 _aJO-AjNU
_bara
_erda
_cJO-AjNU
041 _aara
050 1 4 _aPT1329.A7.L512 2007
100 3 _aترجمة؛ عودة، علي ,
_eauthor
_947474
245 0 0 _aعودة الذئاب
250 _aط العربية
264 3 1 _aعمان :دار اليازوري ،2007
300 _a108ص
336 _atext
_btxt
_2rdacontent
337 _aunmediated
_bn
_2rdamedia
338 _avolume
_bnc
_2rdacarrier
650 4 _aقصص مترجمة
_947475
999 _aA20727
_c24295
_d24295